000 00348pab a2200145 454500
008 180718b2003 xxu||||| |||| 00| 0 eng d
100 _aSodhi, G.S.
245 _aInvestigation with focus on anti-corruption
260 _c2003
300 _ap.54-70.
362 _aJan-Mar
650 _aPolice
773 _aIndian Police Journal
909 _a58674
999 _c58674
_d58674